| 000 | 00355nam a2200145Ia 4500 | ||
|---|---|---|---|
| 008 | 230312s9999||||xx |||||||||||||| ||und|| | ||
| 020 | _a81-203-2257-8 | ||
| 082 |
_a621.382 _bRAB-D |
||
| 100 | _aRabaey;Jan.M | ||
| 245 | 0 | _aDigital Integrated Circuits | |
| 260 |
_bPHI _aIndia _c2011 |
||
| 300 | _a761 | ||
| 650 |
_aEngineering _vEngineering |
||
| 942 | _cBK | ||
| 999 |
_c10415 _d10415 |
||